Religion Quiz

Random Religion or Food Quiz
Score 0/24 Timer 06:00
2 Plays Today
Symbol % Correct
Star of David
96%
menorah
83%
dreidel
81.1%
Torah and yad pointer
79%
Tables of the Law
77.7%
Rabbi David Lau
73%
kippah
72.7%
Shabbat candles
70.2%
Hanukkah gelt
67.8%
synagogue
67.1%
Havdalah candle
67.1%
shofar horn
65.8%
Symbol % Correct
latke
64.8%
challah and cloth
60.8%
matzo and cover
59.2%
seder plate
54.6%
kiddush cup
48.8%
tallit and tzitzit
47%
Lion of Judah
43.9%
mezuzah (parchment)
42.1%
Shin or Shaddai (God)
37.6%
hamsa (hand-shaped amulet)
35.4%
four species (citron / palm / myrtle / willow)
29.7%
tefillin
27.4%
Remove Ads.
Support Sporcle.
Get the best of Sporcle when you Go Orange. This ad-free experience offers more features, more stats, and more fun while also helping to support Sporcle. Thank you for becoming a member.

You're not logged in!

Compare scores with friends on all Sporcle quizzes.
OR
Log In

Sporcle TV

Today on Sporcle TV


Watch our educational content, quiz creation guides, and fun videos on Sporcle TV.

Show Comments

Extras

Top Quizzes Today


Score Distribution

Paid Content

Your Account Isn't Verified!

In order to create a playlist on Sporcle, you need to verify the email address you used during registration. Go to your Sporcle Settings to finish the process.

Report this User

Report this user for behavior that violates our Community Guidelines.

Details: